[Event "FIDE World Blitz 2013"]
[Site "Khanty-Mansiysk RUS"]
[Date "2013.06.10"]
[Round "17.3"]
[White "Mamedyarov,S"]
[Black "Nguyen Ngoc Truong Son"]
[Result "1-0"]
[WhiteElo "2753"]
[BlackElo "2625"]

1.Nf3 Nf6 2.d4 d5 3.c4 c6 4.e3 Bf5 5.Nc3 e6 6.Be2 Nbd7 7.a3 Ne4 8.O-O Bd6
9.Bd3 Bg6 10.Qc2 Nxc3 11.Qxc3 O-O 12.Re1 Bxd3 13.Qxd3 dxc4 14.Qxc4 c5 15.Rd1 Qe7
16.dxc5 Nxc5 17.b4 Na4 18.b5 Nb6 19.Qb3 Rac8 20.a4 Nc4 21.a5 Rfd8 22.Bb2 Nxb2
23.Qxb2 Ba3 24.Rxd8+ Rxd8 25.Qc2 Qc5 26.Qxc5 Bxc5 27.g3 Kf8 28.Kf1 Ke7 29.Ke2 f5
30.Rc1 Rd5 31.Nd2 Bb4 32.Nb3 Rxb5 33.Rc7+ Kf6 34.a6 bxa6 35.Rxa7 Rb6 36.Kd3 Be1
37.Nc5 Rb5 38.Nd7+ Kg5 39.Ke2 Bc3 40.Rxa6 Rb2+ 41.Kf1 Kg4 42.Kg2 Be1 43.Ne5+ Kh5
44.Nd3 Rb1 45.Rxe6 g6 46.h3 Bc3 47.Rc6 Rb3 48.Nf4+ Kh6 49.Ne6 Rb2 50.Rxc3  1-0

[Event "FIDE World Blitz 2013"]
[Site "Khanty-Mansiysk RUS"]
[Date "2013.06.10"]
[Round "18.3"]
[White "Nguyen Ngoc Truong Son"]
[Black "Mamedyarov,S"]
[Result "0-1"]
[WhiteElo "2625"]
[BlackElo "2753"]

1.d4 Nf6 2.c4 g6 3.g3 Bg7 4.Bg2 O-O 5.Nf3 d6 6.O-O Nbd7 7.Nc3 e5 8.e3 Re8
9.b4 exd4 10.exd4 Nb6 11.Qb3 a5 12.bxa5 Rxa5 13.Be3 d5 14.c5 Nc4 15.Bg5 c6
16.Nd2 h6 17.Bxf6 Bxf6 18.Nxc4 dxc4 19.Qb4 Bxd4 20.Rad1 Rxc5 21.Ne4 Rce5
22.Nd2 Re2 23.Qxc4 Bf5 24.Nb3 Bxf2+ 25.Kh1 Qxd1 26.Rxd1 Re1+ 27.Rxe1 Rxe1+
28.Qf1 Rxf1+ 29.Bxf1 Bb6 30.Bg2 Kf8 31.Bf3 Ke7 32.Kg2 Bb1 33.a4 Bc2 34.a5 Ba7
35.Nd2 Bd3 36.Ne4 f5 37.Nc3 Bc5 38.Ne2 g5 39.g4 fxg4 40.Bxg4 Bb4 41.Nd4 Bxa5
42.Bc8 Bb6 43.Nf5+ Bxf5 44.Bxf5 Bc7 45.h3 b5 46.Kf3 Kd6 47.Ke4 c5 48.Bg6 c4
49.Be8 Kc5 50.Ke3 b4 51.Kd2 b3 52.Bf7 Bf4+ 53.Kc3 Be5+ 54.Kd2 Kd4  0-1

[Event "FIDE World Blitz 2013"]
[Site "Khanty-Mansiysk RUS"]
[Date "2013.06.10"]
[Round "19.1"]
[White "Le Quang Liem"]
[Black "Mamedyarov,S"]
[Result "1-0"]
[WhiteElo "2712"]
[BlackElo "2753"]

1.d4 Nf6 2.c4 g6 3.Nc3 d5 4.cxd5 Nxd5 5.e4 Nxc3 6.bxc3 Bg7 7.Bc4 c5 8.Ne2 Nc6
9.Be3 cxd4 10.cxd4 Qa5+ 11.Bd2 Qd8 12.Bc3 O-O 13.O-O Bd7 14.Rb1 b6 15.Qd2 Rc8
16.Rbc1 e6 17.h3 Rc7 18.Bb3 Bc8 19.d5 exd5 20.Bxg7 Kxg7 21.exd5 Ne5 22.d6 Rxc1
23.Rxc1 Qf6 24.Rc7 Be6 25.Bxe6 Qxe6 26.Qd4 Qf6 27.f4 Re8 28.fxe5 Rxe5 29.d7  1-0

[Event "FIDE World Blitz 2013"]
[Site "Khanty-Mansiysk RUS"]
[Date "2013.06.10"]
[Round "20.1"]
[White "Mamedyarov,S"]
[Black "Le Quang Liem"]
[Result "0-1"]
[WhiteElo "2753"]
[BlackElo "2712"]

1.d4 Nf6 2.c4 g6 3.Nc3 d5 4.cxd5 Nxd5 5.e4 Nxc3 6.bxc3 Bg7 7.Nf3 c5 8.Rb1 O-O
9.Be2 b6 10.O-O Bb7 11.d5 Bxc3 12.Bf4 Bg7 13.Bc4 Ba6 14.Qe2 Qc8 15.e5 Qg4
16.Bxa6 Nxa6 17.Bg5 Nb4 18.Rbd1 Qd7 19.d6 exd6 20.Rxd6 Qf5 21.Bf6 Bxf6 22.exf6 Rfd8
23.Re1 h6 24.Qe7 Rxd6 25.Qxd6 Qd5 26.Qf4 Kh7 27.Re7 Nc6 28.Re1 Rd8 29.h4 Qd6
30.Qg4 Qxf6 31.h5 g5 32.Qe4+ Kg7 33.g3 Rd6 34.Qg4 Nd4 35.Nxd4 Rxd4 36.Qc8 Rd2
37.Rf1 Rxa2 38.Qd7 a5 39.Qd5 Ra1 40.Rxa1 Qxa1+ 41.Kg2 Qd4 42.Qf5 c4 43.f4 gxf4
44.g4 Qf6 45.Qe4 f3+ 46.Kf2 c3 47.g5 Qxg5 48.Qd4+ Qf6 49.Qg4+ Kf8 50.Qc8+ Ke7
51.Qc7+ Kf8 52.Qc8+ Kg7 53.Qg4+ Qg5 54.Qd4+ Kg8 55.Qxc3 Qc5+  0-1

[Event "FIDE World Blitz 2013"]
[Site "Khanty-Mansiysk RUS"]
[Date "2013.06.10"]
[Round "21.4"]
[White "Smirin,I"]
[Black "Mamedyarov,S"]
[Result "1-0"]
[WhiteElo "2663"]
[BlackElo "2753"]

1.e4 e5 2.Nf3 Nc6 3.Bb5 a6 4.Ba4 Nge7 5.O-O g6 6.c3 Bg7 7.d4 exd4 8.cxd4 b5
9.Bb3 O-O 10.a4 b4 11.a5 d6 12.h3 Rb8 13.d5 Ne5 14.Nxe5 Bxe5 15.Nd2 Bg7 16.Nf3 c6
17.Re1 h6 18.dxc6 Nxc6 19.Bf4 Nxa5 20.Bd5 Bxb2 21.Bxh6 b3 22.Qd2 Bxa1 23.Rxa1 b2
24.Rb1 Be6 25.Qd4  1-0

[Event "FIDE World Blitz 2013"]
[Site "Khanty-Mansiysk RUS"]
[Date "2013.06.10"]
[Round "22.4"]
[White "Mamedyarov,S"]
[Black "Smirin,I"]
[Result "0-1"]
[WhiteElo "2753"]
[BlackElo "2663"]

1.d4 Nf6 2.c4 g6 3.Nf3 Bg7 4.g3 d6 5.Bg2 O-O 6.O-O Nc6 7.Nc3 Bf5 8.b3 e5
9.d5 Ne7 10.Ne1 Ne8 11.e4 Bd7 12.Nd3 f5 13.c5 f4 14.a4 g5 15.g4 h5 16.h3 hxg4
17.hxg4 Ng6 18.f3 Nh4 19.Kf2 Rf6 20.Rh1 Rh6 21.Ba3 Bf8 22.b4 c6 23.Bf1 Nf6
24.Be2 cxd5 25.exd5 e4 26.Nxe4 Nxe4+ 27.fxe4 Bg7 28.cxd6 Bd4+ 29.Kf1 f3 30.Bxf3 Qf6
31.e5 Bxe5 32.Nxe5 Qxe5 33.Ra2 Rf8 34.Rf2 Qg3 35.Bb2 Bxg4 36.Qd4 Nf5 37.Rxh6 Nxd4
38.Rh8+ Kxh8  0-1

[Event "FIDE World Blitz 2013"]
[Site "Khanty-Mansiysk RUS"]
[Date "2013.06.10"]
[Round "24.7"]
[White "Movsesian,S"]
[Black "Mamedyarov,S"]
[Result "1-0"]
[WhiteElo "2699"]
[BlackElo "2753"]

1.c4 Nf6 2.Nc3 d5 3.cxd5 Nxd5 4.g3 g6 5.Bg2 Nb6 6.d3 Bg7 7.Be3 Nc6 8.h4 h5
9.Bxc6+ bxc6 10.Qd2 Bg4 11.Rc1 Nd5 12.Ne4 Nxe3 13.fxe3 a5 14.Nf3 a4 15.Nfg5 Qd5
16.O-O O-O 17.Nc3 Qa5 18.Rf4 a3 19.b4 Qe5 20.d4 Qd6 21.Nce4 Qd5 22.Rc5 Qd7
23.Qc2 f6 24.Nf3 Rab8 25.Rxc6 Rxb4 26.Rxc7 Rb2 27.Qc4+ Be6 28.Nc5 Qxc7 29.Qxe6+ Kh7
30.g4 Rxe2 31.gxh5 Rb8 32.hxg6+ Kh8 33.Qf5 e5 34.Qh5+ Kg8 35.Qh7+ Kf8 36.Ne6+ Ke7
37.Qxg7+ Kxe6 38.Rxf6+ Kd5 39.e4+ Kxe4 40.Ng5+ Kd3 41.Qxc7  1-0

[Event "FIDE World Blitz 2013"]
[Site "Khanty-Mansiysk RUS"]
[Date "2013.06.10"]
[Round "25.7"]
[White "Rublevsky,S"]
[Black "Mamedyarov,S"]
[Result "0-1"]
[WhiteElo "2695"]
[BlackElo "2753"]

1.e4 c6 2.d4 d5 3.e5 Bf5 4.Nf3 e6 5.Be2 Ne7 6.c3 Nd7 7.O-O c5 8.dxc5 Nxc5
9.Nd4 a6 10.c4 dxc4 11.Nxf5 Nxf5 12.Bxc4 Be7 13.Nc3 Qc7 14.Re1 Rd8 15.Qh5 O-O
16.Bf1 Nd3 17.Bxd3 Rxd3 18.Bf4 Bb4 19.Qe2 Rd4 20.Bd2 Rfd8 21.Rad1 Qd7 22.Be3 Bxc3
23.Bxd4 Bxe1  0-1

[Event "FIDE World Blitz 2013"]
[Site "Khanty-Mansiysk RUS"]
[Date "2013.06.10"]
[Round "26.7"]
[White "Mamedyarov,S"]
[Black "Rublevsky,S"]
[Result "1/2-1/2"]
[WhiteElo "2753"]
[BlackElo "2695"]

1.c4 e5 2.Nc3 Nf6 3.Nf3 Nc6 4.e3 Bb4 5.Qc2 Bxc3 6.Qxc3 Qe7 7.a3 d5 8.cxd5 Nxd5
9.Qb3 Nb6 10.d3 Bf5 11.Be2 O-O-O 12.O-O e4 13.dxe4 Bxe4 14.Qc3 Nd5 15.Qc4 Nb6
16.Qc3 Nd5 17.Qc4 Nb6 18.Qc3 Nd5  1/2-1/2

[Event "FIDE World Blitz 2013"]
[Site "Khanty-Mansiysk RUS"]
[Date "2013.06.10"]
[Round "27.7"]
[White "Mamedyarov,S"]
[Black "Vitiugov,N"]
[Result "1-0"]
[WhiteElo "2753"]
[BlackElo "2734"]

1.d4 Nf6 2.c4 e6 3.Nf3 Bb4+ 4.Bd2 a5 5.Nc3 b6 6.d5 O-O 7.Qc2 Re8 8.O-O-O exd5
9.cxd5 Na6 10.e3 Nc5 11.h4 d6 12.Bc4 Bd7 13.Nd4 Ng4 14.Rhf1 Rb8 15.Nc6 Bxc6
16.dxc6 Ne5 17.Bd5 b5 18.Kb1 Ng4 19.Ne4 Nxe4 20.Bxe4 Nf6 21.Bxb4 Nxe4 22.Bxa5 Ra8
23.Bb4 Qxh4 24.Rd4 Qe7 25.f3 Nf6 26.e4 Qe6 27.a3 Ra6 28.Rc1 Qe5 29.Rd2 Rea8
30.Qd3 Rb6 31.Qe3 Rbb8 32.g4 h6 33.Rg1 Nh7 34.f4 Qe6 35.g5 hxg5 36.Rh2 f5
37.Rgh1 Nf8 38.e5 g4 39.Bc3 d5 40.Qc5 Kf7 41.Rh5 Ng6 42.Bd2 Ra6 43.Rg5 Ne7
44.Rh7 Rg8 45.Qxb5 Rxc6 46.Bb4 Rb6 47.Qc5 Rc6 48.Qb5 Rb6 49.Qc5 Rc6 50.Qa5 d4
51.Bxe7 Kxe7 52.Rgxg7+ Rxg7 53.Rxg7+ Kf8 54.Rh7 Kg8 55.Rh5 Kg7 56.Qa8 Rc1+
57.Kxc1 Qc4+ 58.Kd2 Qb3 59.Qh8+  1-0

[Event "FIDE World Blitz 2013"]
[Site "Khanty-Mansiysk RUS"]
[Date "2013.06.10"]
[Round "28.7"]
[White "Vitiugov,N"]
[Black "Mamedyarov,S"]
[Result "1/2-1/2"]
[WhiteElo "2734"]
[BlackElo "2753"]

1.d4 d5 2.c4 c5 3.cxd5 Qxd5 4.Nf3 cxd4 5.Qxd4 Qxd4 6.Nxd4 a6 7.Nc3 Nf6 8.g3 e5
9.Nb3 Bd7 10.Bg2 Bc6 11.O-O Bb4 12.Bg5 Bxc3 13.Bxf6 gxf6 14.bxc3 Bxg2 15.Kxg2 Nd7
16.Rfd1 Ke7 17.Na5 Nc5 18.Rd5 Rac8 19.Rb1 Rhd8 20.c4 Rc7 21.Rb6 Rdc8 22.Nb3 Ne4
23.Na5 Nc5 24.Nb3 Na4 25.Rb4 Nc3 26.Rd2 f5 27.c5 Ne4 28.Rd5 f6 29.Rd3 Rd8
30.Rf3 a5 31.Nxa5 Nxc5 32.Nb3 Nxb3 33.axb3 Rd2 34.Rxf5 Rxe2 35.Rb6 Rc6 36.Rxb7+ Ke6
37.g4 e4 38.Rxh7 e3 39.Rxf6+ Kxf6 40.Rh6+ Kg5 41.Rxc6 Kxg4 42.Rf6 Rb2 43.Rf3 exf2
44.h3+ Kh4 45.Kf1 Kg5 46.Rxf2 Rxb3  1/2-1/2

[Event "FIDE World Blitz 2013"]
[Site "Khanty-Mansiysk RUS"]
[Date "2013.06.10"]
[Round "29.3"]
[White "Nepomniachtchi,I"]
[Black "Mamedyarov,S"]
[Result "1-0"]
[WhiteElo "2717"]
[BlackElo "2753"]

1.e4 c6 2.Nc3 d5 3.Nf3 Bg4 4.h3 Bxf3 5.Qxf3 e6 6.d4 dxe4 7.Qxe4 Nf6 8.Qh4 Qa5
9.Bd2 Bb4 10.Bd3 Nbd7 11.O-O Qh5 12.Qxh5 Nxh5 13.a3 Be7 14.Rfe1 Rd8 15.Ne2 O-O
16.Rad1 Nb6 17.Bc1 Rd7 18.b3 Rfd8 19.Bb2 Nd5 20.g3 b5 21.Be4 Nhf6 22.Bf3 a5
23.c3 Rc8 24.Nc1 c5 25.dxc5 Rxc5 26.Nd3 Rxc3 27.Ne5 Rxb3 28.Nxd7 Rxf3 29.Bxf6 Nxf6
30.Re5 Rb3 31.a4 bxa4 32.Rxa5 h6 33.Rxa4 Rb7 34.Ne5 Rb8 35.Ra7 Re8 36.Rc1 Nd5
37.Kg2 Rf8 38.Nc6 Bf6 39.Rd7 Kh7 40.Na7 h5 41.Rc8 Rxc8 42.Nxc8 Kg6 43.Nd6 Be7
44.Nc4 Bf6 45.h4 Be7 46.Ne5+ Kf6 47.Nf3 Kg6 48.Rb7 Bf6 49.Rb8 Nc3 50.Ne1 Nd5
51.Nd3 Bd4 52.Rd8 Bf6 53.Rd7 Bd4 54.Nc1 Bb2 55.Nb3 Nf6 56.Rb7 Ng4 57.Rb5 f6
58.Nc5 Bd4  1-0

[Event "FIDE World Blitz 2013"]
[Site "Khanty-Mansiysk RUS"]
[Date "2013.06.10"]
[Round "30.3"]
[White "Mamedyarov,S"]
[Black "Nepomniachtchi,I"]
[Result "0-1"]
[WhiteElo "2753"]
[BlackElo "2717"]

1.d4 Nf6 2.c4 g6 3.Nc3 d5 4.Bg5 Ne4 5.Bh4 Nxc3 6.bxc3 dxc4 7.e3 Be6 8.Rb1 b6
9.Nh3 Bh6 10.Ng5 Bd5 11.Qc2 Qd7 12.e4 Bxg5 13.Bxg5 Qg4 14.exd5 Qxg5 15.Qe4 Nd7
16.Bxc4 Nf6 17.Qf3 Rd8 18.Bb5+ Kf8 19.c4 e6 20.dxe6 Rxd4 21.O-O fxe6 22.Qb7 Qc5
23.Qxa7 Kg7 24.Rb3 Rf8 25.Qa3 Ne4 26.Qxc5 Nxc5 27.Ra3 e5 28.Ra7 Rf7 29.a4 Rd6
30.Be8 Re7 31.a5 Rxe8 32.axb6 Rc8 33.Rb1 Kh6 34.b7 Rb8 35.g4 Rb6  0-1

[Event "8th Tal Mem Blitz"]
[Site "Moscow RUS"]
[Date "2013.06.12"]
[Round "1"]
[White "Kramnik,V"]
[Black "Mamedyarov,S"]
[Result "1/2-1/2"]
[WhiteElo "2803"]
[BlackElo "2753"]

1.c4 Nf6 2.g3 c6 3.Bg2 d5 4.Nf3 g6 5.b3 Bg7 6.Bb2 O-O 7.d3 a5 8.O-O Na6 9.a3 Bg4
10.Nbd2 Rc8 11.Qc2 b5 12.h3 Be6 13.cxb5 cxb5 14.Qb1 Qd7 15.b4 Bxh3 16.bxa5 Bxg2
17.Kxg2 Rfe8 18.Be5 Nh5 19.Bxg7 Kxg7 20.Qb2+ f6 21.Rab1 Rb8 22.Nd4 e5 23.Nxb5 Nf4+
24.gxf4 Qg4+  1/2-1/2

[Event "8th Tal Mem Blitz"]
[Site "Moscow RUS"]
[Date "2013.06.12"]
[Round "4"]
[White "Mamedyarov,S"]
[Black "Caruana,F"]
[Result "1-0"]
[WhiteElo "2753"]
[BlackElo "2774"]

1.d4 Nf6 2.c4 c5 3.d5 b5 4.Qc2 b4 5.e4 d6 6.f4 g6 7.Nf3 Bg7 8.Bd3 Bg4 9.Nbd2 O-O
10.O-O a5 11.h3 Bxf3 12.Nxf3 Nfd7 13.Bd2 a4 14.Rae1 e6 15.Qc1 exd5 16.cxd5 Nb6
17.e5 Ra7 18.e6 Nxd5 19.exf7+ Kh8 20.Ng5 Qf6 21.Kh1 Nd7 22.f5 Qxb2 23.Qd1 Ne5
24.fxg6 Nxd3 25.Nxh7 Nxe1 26.Qh5 Qxd2 27.Ng5+  1-0

[Event "8th Tal Mem Blitz"]
[Site "Moscow RUS"]
[Date "2013.06.12"]
[Round "5"]
[White "Karjakin,Sergey"]
[Black "Mamedyarov,S"]
[Result "1/2-1/2"]
[WhiteElo "2782"]
[BlackElo "2753"]

1.e4 e5 2.Nf3 Nc6 3.Bb5 a6 4.Ba4 Nge7 5.c3 g6 6.d4 exd4 7.cxd4 b5 8.Bc2 d5
9.exd5 Nxd5 10.O-O Be6 11.a4 Rb8 12.axb5 axb5 13.Nc3 Bg7 14.Bd3 O-O 15.Nxb5 Ndb4
16.Be2 Bg4 17.Nc3 Bxf3 18.Bxf3 Nxd4 19.Be4 Re8 20.Bf4 Be5 21.Be3 c5 22.g3 h5
23.Ra7 Qb6 24.Qa4 Bf6 25.Nd5 Nxd5 26.Bxd5 Re7 27.Rxe7 Bxe7 28.Qc4 Qf6 29.b3 Nxb3
30.Rb1 Rb4 31.Qd3 c4 32.Bxc4 Nc5 33.Qc2 Rxb1+ 34.Qxb1 Nd7 35.Qe4 Nc5 36.Qa8+ Kg7
37.Qd5 Ne6 38.h4 Qa1+ 39.Kg2 Qf6 40.Qe4 Bd6 41.Bd5 Qe5 42.Qc4 Qf5 43.Qb3 Qe5
44.Qc4 Qf5 45.Bd2 Qf6 46.Bc3 Be5 47.Bb4 Bd4 48.f4 Qf5 49.Kh2 Qb1 50.Bg2 Qg1+
51.Kh3 Qe3 52.Bd6 Bf6 53.Qe4 Qd2 54.Be5 Bxe5 55.Qxe5+ Kg8 56.f5 gxf5 57.Qxf5 Qd7
58.Kh2 Qd1 59.Bf3 Qd2+ 60.Kh3 Ng7 61.Qc8+ Kh7 62.Be4+ f5 63.Bxf5+ Nxf5 64.Qxf5+ Kh6
65.Qf6+ Kh7 66.Qf7+ Kh6 67.Qe7 Qd1 68.Kg2 Qd2+ 69.Kf3 Qd1+ 70.Qe2 Qd5+ 71.Qe4 Qd1+
72.Kf4 Qg4+ 73.Ke5 Qxg3+ 74.Qf4+  1/2-1/2

[Event "8th Tal Mem Blitz"]
[Site "Moscow RUS"]
[Date "2013.06.12"]
[Round "7"]
[White "Gelfand,B"]
[Black "Mamedyarov,S"]
[Result "0-1"]
[WhiteElo "2755"]
[BlackElo "2753"]

1.d4 d5 2.c4 c5 3.cxd5 Qxd5 4.Nf3 cxd4 5.Nc3 Qa5 6.Nxd4 Nf6 7.g3 e5 8.Nb3 Qc7
9.Bg5 Bb4 10.Bxf6 Bxc3+ 11.bxc3 gxf6 12.Qd3 Qc6 13.e4 b6 14.Qe3 O-O 15.Be2 Be6
16.O-O Nd7 17.f4 Rac8 18.Rac1 Bxb3 19.axb3 Qc5 20.Kf2 Rfe8 21.b4 exf4 22.gxf4 Qxe3+
23.Kxe3 f5 24.e5 Nf6 25.c4 Ng4+ 26.Bxg4 fxg4 27.Ke4 h5 28.Rfd1 Kg7 29.c5 bxc5
30.bxc5 a5 31.Rd7 Ra8 32.c6 a4 33.c7 a3 34.f5 a2 35.e6 a1=Q 36.Rxa1 Rxa1
37.Rxf7+ Kh6 38.Rd7 h4 39.Rd8 Ra8 40.Rd7 g3 41.hxg3 hxg3 42.Kf3 Rg8 43.e7 g2
44.Rd6+ Kh7  0-1

[Event "8th Tal Memorial"]
[Site "Moscow RUS"]
[Date "2013.06.15"]
[Round "3.5"]
[White "Mamedyarov,S"]
[Black "Kramnik,V"]
[Result "1/2-1/2"]
[WhiteElo "2753"]
[BlackElo "2803"]

1.d4 Nf6 2.c4 e6 3.Nc3 Bb4 4.Qc2 O-O 5.a3 Bxc3+ 6.Qxc3 d5 7.Nf3 dxc4 8.Qxc4 b6
9.Bg5 Ba6 10.Qa4 Qd7 11.Qc2 c5 12.dxc5 Rc8 13.Bxf6 gxf6 14.Qe4 Qb5 15.b4 bxc5
16.e3 Qb7 17.Qg4+ Kf8 18.b5 Bxb5 19.Rb1 a6 20.a4 f5 21.Qh4 Qe4 22.Qh6+ Ke7
23.Qg5+ Kf8 24.Qh6+ Ke7 25.Qg5+ Kf8 26.Qh6+ Ke7  1/2-1/2

[Event "8th Tal Memorial"]
[Site "Moscow RUS"]
[Date "2013.06.19"]
[Round "6.3"]
[White "Andreikin,D"]
[Black "Mamedyarov,S"]
[Result "1/2-1/2"]
[WhiteElo "2713"]
[BlackElo "2753"]

1.e4 e5 2.Nf3 Nc6 3.d4 exd4 4.Nxd4 Bc5 5.Nxc6 bxc6 6.Bd3 d6 7.Nc3 Qh4 8.Qf3 Nh6
9.Be3 Bb6 10.Bxb6 axb6 11.Qg3 Qxg3 12.hxg3 f5 13.a4 fxe4 14.Bxe4 d5 15.Bd3 O-O
16.f3 Bf5 17.g4 Bxd3 18.cxd3 Rf4 19.O-O-O Nf7 20.Rhe1 Rb4 21.Re7 d4 22.Ne4 Rc8
23.a5 bxa5 24.Re1 h6 25.Nc5 Rb5 26.Ne6 Rcb8 27.Re2 Ne5 28.Nf4 Nf7 29.Rxc7 a4
30.Rxc6 Ne5 31.Rc7 g5 32.Nh5 Rc5+ 33.Rc2 Nxd3+ 34.Kd2 Rxc7 35.Rxc7 Ne5 36.Nf6+ Kf8
37.Kc1 Rb3 38.Nd7+ Nxd7 39.Rxd7 d3 40.Rd4 Kg7 41.Rxa4 d2+ 42.Kd1 Rxb2 43.Rd4 Rb1+
44.Ke2 Re1+ 45.Kxd2 Rg1  1/2-1/2

[Event "8th Tal Memorial"]
[Site "Moscow RUS"]
[Date "2013.06.22"]
[Round "8.4"]
[White "Gelfand,B"]
[Black "Mamedyarov,S"]
[Result "1/2-1/2"]
[WhiteElo "2755"]
[BlackElo "2753"]

1.d4 Nf6 2.c4 e6 3.Nf3 d5 4.Nc3 Bb4 5.Qb3 c5 6.dxc5 Nc6 7.Bg5 dxc4 8.Qxc4 Qa5
9.Rc1 Bxc5 10.a3 Bd7 11.e3 Rc8 12.Qb5 Bb6 13.Bd3 Nd5 14.O-O Nxc3 15.Rxc3 Qxb5
16.Bxb5 f6 17.Bh4 Ke7 18.Rfc1 Rhd8 19.Kf1 Be8 20.Bd3 h5 21.Bg3 Rd7 22.Be4 Rcd8
23.Ne1 e5 24.Nd3 Bf7 25.Ke2 Bd5 26.Bf5 Be6 27.Bg6 Bf7 28.Be4 Bd5 29.Bf5 Be6
30.Bg6 Bf7  1/2-1/2

[Event "Geneva Masters GpA 2013"]
[Site "Geneva SUI"]
[Date "2013.06.27"]
[Round "2.2"]
[White "Mamedyarov,S"]
[Black "Pelletier,Y"]
[Result "1/2-1/2"]
[WhiteElo "2753"]
[BlackElo "2574"]

1.d4 e6 2.c4 f5 3.Nf3 Nf6 4.g3 d5 5.Bg2 c6 6.b3 Bd6 7.O-O Qe7 8.Bb2 O-O 9.Qc1 b5
10.Ne5 a5 11.Nc3 bxc4 12.bxc4 Ba6 13.Na4 Nfd7 14.Qe3 Bxe5 15.dxe5 Qb4 16.cxd5 cxd5
17.Bxd5 exd5 18.e6 Qxa4 19.e7 Qe4 20.exf8=Q+ Nxf8 21.Qxe4 fxe4 22.Rfc1 Bc4
23.e3 Nc6 24.Bc3 Nd7 25.Rcb1 Ra7 26.Rb2 Kf7 27.Rab1 Bd3 28.Rc1 Bc4 29.Rcb1 Bd3
30.Rc1 Nde5 31.Bxe5 Nxe5 32.Rc8 Ba6 33.Rcb8 Rc7 34.Rb1 Nd7 35.R8b2 Ke7 36.Kg2 Kd6
37.g4 Bd3 38.Re1 Ne5 39.h3 g5 40.Kg3 Rc3 41.Rb8 Rc2 42.a4 Ra2 43.Rd8+ Kc5
44.Re8 Nf3 45.Rc1+ Kb4 46.Rh8 Kxa4 47.Rxh7 Bc4 48.Rb7 Nd2 49.h4 Nb3 50.Rh1 gxh4+
51.Rxh4 Ra1 52.g5 Rg1+ 53.Kf4 Nc5 54.Rb6 Nd3+ 55.Kf5 Nxf2 56.g6 Nd1 57.Kf4 Rf1+
58.Ke5 Nxe3 59.g7 Rg1 60.Rh1 Rxh1 61.g8=Q Nc2 62.Qe8+ Ka3 63.Qf8+ Ka4 64.Qe8+ Ka3
65.Qf8+ Ka4 66.Qe8+ Ka3  1/2-1/2

[Event "Geneva Masters GpA 2013"]
[Site "Geneva SUI"]
[Date "2013.06.27"]
[Round "2.1"]
[White "Pelletier,Y"]
[Black "Mamedyarov,S"]
[Result "0-1"]
[WhiteElo "2574"]
[BlackElo "2753"]

1.Nf3 Nf6 2.c4 g6 3.Nc3 d5 4.cxd5 Nxd5 5.Qb3 Nb6 6.d4 Bg7 7.Bf4 O-O 8.e3 Be6
9.Qa3 N8d7 10.Rd1 Nd5 11.Nxd5 Bxd5 12.Be2 c6 13.O-O Re8 14.h3 a5 15.Nd2 Qb6
16.Bc4 Qb4 17.Bxd5 cxd5 18.Nb1 Rec8 19.Rd3 b6 20.Qxb4 axb4 21.Rb3 Bf8 22.a3 bxa3
23.Nxa3 e6 24.Rd1 Rc6 25.Nb5 Ra4 26.e4 dxe4 27.Nc3 Rb4 28.Rxb4 Bxb4 29.Nxe4 Rc2
30.b3 Kg7 31.g4 Rb2 32.Rd3 h6 33.Kg2 f5 34.gxf5 exf5 35.Nd6 g5 36.Be5+ Kg6
37.Kf1 f4 38.Nc4 Rb1+ 39.Kg2 Kf5 40.Nd6+ Bxd6 41.Bxd6 Nf6 42.Be5 Nd5 43.Kf3 b5
44.Ke2 b4 45.Kf3 h5 46.Bd6 g4+ 47.hxg4+ hxg4+ 48.Ke2 Ke4  0-1

[Event "Geneva Masters GpA 2013"]
[Site "Geneva SUI"]
[Date "2013.06.28"]
[Round "3.1"]
[White "Mamedyarov,S"]
[Black "Polgar,Ju"]
[Result "1-0"]
[WhiteElo "2753"]
[BlackElo "2696"]

1.d4 Nf6 2.c4 e6 3.Nf3 b6 4.g3 Bb7 5.Bg2 Bb4+ 6.Bd2 a5 7.O-O O-O 8.Bg5 Be7
9.Qc2 Na6 10.Nc3 Nb4 11.Qb3 Ne4 12.Bxe7 Qxe7 13.a3 Na6 14.Rad1 Nxc3 15.Qxc3 Be4
16.Rfe1 c5 17.dxc5 Nxc5 18.b4 axb4 19.axb4 Na6 20.Ne5 Bxg2 21.Kxg2 f6 22.Nxd7 Rfd8
23.Qf3 Nxb4 24.Nxb6 Rab8 25.c5 Na6 26.Rxd8+ Qxd8 27.Qc6 Nxc5 28.Rb1 Nd7 29.Qxe6+ Kh8
30.Rd1 Rxb6 31.Rxd7 Qa8+ 32.Qd5 Qxd5+ 33.Rxd5 Kg8 34.h4 Kf7 35.g4 Ke6 36.Rh5 Rb4
37.Kf3 h6 38.Ra5 Rb3+ 39.e3 Rb7 40.h5 Rc7 41.Kf4 Rc4+ 42.e4 Rc7 43.Ra6+ Kf7
44.Rd6 Ke7 45.Rd5 Ke6 46.Ra5 Rb7 47.Ra6+ Kf7 48.Ra3 Ke6 49.Ke3 Ke5 50.Ra5+ Ke6
51.Ra6+ Kf7 52.Ra3 Ke6 53.f3 Ke5 54.f4+ Ke6 55.Ra6+ Kf7 56.e5 fxe5 57.fxe5 Rb4
58.Kf3 Rc4 59.Rg6 Ra4 60.e6+ Kg8 61.g5 hxg5 62.h6 Ra7 63.Kg4 Kh8 64.Rxg7 Ra4+
65.Kh5 g4 66.e7 Re4 67.Rf7  1-0

[Event "Geneva Masters GpA 2013"]
[Site "Geneva SUI"]
[Date "2013.06.28"]
[Round "3.4"]
[White "Mamedyarov,S"]
[Black "Polgar,Ju"]
[Result "1-0"]
[WhiteElo "2753"]
[BlackElo "2696"]

1.d4 Nf6 2.c4 e6 3.Nf3 b6 4.a3 Bb7 5.Nc3 d5 6.cxd5 Nxd5 7.Qc2 Nd7 8.e4 Nxc3
9.bxc3 c5 10.Bf4 Be7 11.d5 exd5 12.exd5 O-O 13.Rd1 Re8 14.Be2 Bf6 15.O-O a6
16.c4 Ne5 17.a4 Bc8 18.Nd2 Ng6 19.Be3 Be5 20.Rfe1 f5 21.Nf3 Bd6 22.Bd3 Qf6
23.Qb1 Bd7 24.Bg5 Qf8 25.Qxb6 Reb8 26.Qa5 Rb4 27.Bd2 Rxa4 28.Qc3 h6 29.Qc2 Ra3
30.Ra1 Ba4 31.Qb1 Rb3 32.Qd1 Rxd3 33.Qxa4 Rxf3 34.gxf3 Nh4 35.Qb3 Qf6 36.f4 Qg6+
37.Kf1 Qg2+ 38.Ke2 Qg4+ 39.Kd3 Nf3 40.Re6 Nd4 41.Qb6 Bxf4 42.Bxf4 Qxf4 43.Re3 Qxf2
44.Qxc5 Nb3 45.Re8+ Rxe8 46.Qxf2 Nxa1 47.c5 Nb3 48.c6 a5 49.c7 a4 50.d6 a3
51.d7 Rf8 52.c8=Q a2 53.Qxa2  1-0

[Event "Geneva Masters KO 2013"]
[Site "Geneve SUI"]
[Date "2013.06.29"]
[Round "1.4"]
[White "Bacrot,E"]
[Black "Mamedyarov,S"]
[Result "1/2-1/2"]
[WhiteElo "2725"]
[BlackElo "2753"]

1.c4 c6 2.d4 d5 3.Nc3 Nf6 4.Nf3 e6 5.Bg5 Nbd7 6.cxd5 exd5 7.e3 Be7 8.Bd3 Ne4
9.Bf4 Ndf6 10.Qc2 O-O 11.Ne5 Re8 12.O-O Bd6 13.f3 Nxc3 14.bxc3 h6 15.Rae1 c5
16.Bg3 Qc7 17.e4 cxd4 18.cxd4 Qxc2 19.Bxc2 Be6 20.Ba4 Rec8 21.Bb3 a5 22.Ng4 Bxg3
23.Nxf6+ gxf6 24.hxg3 dxe4 25.d5 a4 26.dxe6 axb3 27.axb3 fxe6 28.Rxe4 Kf7
29.Rfe1 Rc6 30.Rh4 Ra2 31.Rxh6 Rcc2 32.Rh7+ Kg6 33.Rh2 Rab2 34.g4 Rxb3 35.Rh3 Rbb2
36.Rg3 Re2 37.Rf1 e5 38.f4 exf4 39.Rxf4 b5 40.Kh2 b4 41.Kh3 b3 42.Rb4 Rb1
43.Rgxb3 Re3+ 44.Rxe3 Rxb4 45.Re6 Kg5 46.Rd6 Rxg4  1/2-1/2

[Event "Geneva Masters KO 2013"]
[Site "Geneve SUI"]
[Date "2013.06.29"]
[Round "1.3"]
[White "Mamedyarov,S"]
[Black "Bacrot,E"]
[Result "1-0"]
[WhiteElo "2753"]
[BlackElo "2725"]

1.d4 Nf6 2.c4 e6 3.Nc3 d5 4.Bg5 Be7 5.Nf3 h6 6.Bxf6 Bxf6 7.Qc2 O-O 8.O-O-O dxc4
9.e4 Nc6 10.e5 Bg5+ 11.Kb1 Nb4 12.Qe4 Bd7 13.Bxc4 Bc6 14.d5 exd5 15.Nxd5 Nxd5
16.Bxd5 Bxd5 17.Rxd5 Qc8 18.h4 c6 19.Nxg5 hxg5 20.hxg5 f5 21.Qh4 Qe6 22.Rd7  1-0

[Event "Geneva Masters KO 2013"]
[Site "Geneve SUI"]
[Date "2013.06.29"]
[Round "1.1"]
[White "Bacrot,E"]
[Black "Mamedyarov,S"]
[Result "0-1"]
[WhiteElo "2725"]
[BlackElo "2753"]

1.c4 c6 2.d4 d5 3.Nf3 Nf6 4.Nc3 e6 5.Bg5 Nbd7 6.e3 Qa5 7.cxd5 Nxd5 8.Qd2 Bb4
9.Rc1 b6 10.Bd3 Ba6 11.O-O O-O 12.e4 Nxc3 13.bxc3 Ba3 14.Rce1 c5 15.Bxa6 Qxa6
16.e5 cxd4 17.Qxd4 Qb7 18.Qa4 Bc5 19.Rd1 b5 20.Qg4 Rfc8 21.Bf6 Bf8 22.Ng5 Rc4
23.Rd4 Rxd4 24.cxd4 gxf6 25.Ne4+ Kh8 26.exf6 h6 27.h3 Qd5 28.Rc1 b4 29.Rc7 Qxd4
30.g3 Nxf6 31.Qf3 Nxe4  0-1

[Event "Geneva Masters KO 2013"]
[Site "Geneve SUI"]
[Date "2013.06.29"]
[Round "1.2"]
[White "Mamedyarov,S"]
[Black "Bacrot,E"]
[Result "0-1"]
[WhiteElo "2753"]
[BlackElo "2725"]

1.d4 f5 2.c4 Nf6 3.Nc3 d6 4.Bg5 Nbd7 5.Qc2 g6 6.e4 fxe4 7.Nxe4 Bg7 8.Nxf6+ exf6
9.Be3 O-O 10.Bd3 f5 11.Ne2 Nf6 12.h3 Bd7 13.d5 Nh5 14.O-O-O f4 15.Bd4 f3
16.gxf3 Rxf3 17.h4 Qf8 18.Be4 Bh6+ 19.Kb1 Re8 20.Ka1 Bf5 21.Bxf5 Qxf5 22.Qxf5 gxf5
23.Nc3 a6 24.c5 Kf7 25.a3 dxc5 26.Bxc5 b6 27.Bd4 Bf4 28.Rhg1 Nf6 29.Kb1 Ng4
30.Kc2 Bh2 31.Rh1 Be5 32.Rd3 Rxd3 33.Kxd3 c5  0-1

[Event "Geneva Masters KO 2013"]
[Site "Geneve SUI"]
[Date "2013.06.30"]
[Round "2.2"]
[White "Kramnik,V"]
[Black "Mamedyarov,S"]
[Result "1/2-1/2"]
[WhiteElo "2803"]
[BlackElo "2753"]

1.Nf3 Nf6 2.g3 g6 3.Bg2 Bg7 4.c4 O-O 5.Nc3 d5 6.cxd5 Nxd5 7.O-O c5 8.d3 Nxc3
9.bxc3 Nc6 10.Rb1 Bxc3 11.Qa4 Qa5 12.Qc4 Bf6 13.Bd2 Be6 14.Qxe6 fxe6 15.Bxa5 Nxa5
16.Nd2 Rab8 17.Bh3 Kf7 18.Ne4 b6 19.Kg2 Nc6 20.Rbc1 Rbd8 21.f4 Nd4 22.Rfe1 h6
23.Nf2 e5 24.fxe5 Bxe5 25.Rc4 Kg7 26.e3 Nf3 27.Rd1 h5 28.Rc2 Ng5 29.a4 Bd6
30.Rb1 Rf6 31.a5 Rdf8 32.axb6 axb6 33.Bd7 Rd8 34.Bb5 Rff8 35.Bc4 h4 36.Rxb6 Rh8
37.Ra2 h3+ 38.Kf1 Nf3 39.Ne4 Rdf8 40.Ke2 Nxh2 41.Ra7 Kh6 42.Be6 Nf3 43.Rb1 Ng5
44.Bxh3 Nxe4 45.dxe4 Kg5 46.Be6 Rh2+ 47.Kd3 Rf3 48.e5 Bxe5 49.Ke4 Rxg3 50.Rxe7 Bf6
51.Rc7 Rh4+ 52.Kd3 Rd4+ 53.Ke2 Re4 54.Rxc5+ Re5 55.Rxe5+ Bxe5 56.Rb6 Rg2+
57.Kf3 Rd2 58.Rb5 Kf6 59.Bd5 Rb2 60.Bb3 Bh2 61.Kg4 Rg2+ 62.Kf3 Rb2 63.Ke4 Bg1
64.Kd3 Rb1 65.e4 Bh2 66.Rb6+ Kg7 67.Kc2 Re1 68.Bd5 Bf4 69.Kd3 g5 70.Be6 Rd1+
71.Ke2 Rd6 72.Rb7+ Kf6 73.Bd5 Ke5 74.Rb5 Rh6 75.Bb7+ Kd4 76.Rd5+ Kc4 77.Kf3 Rd6
78.Ra5 Rb6 79.Bc8 Rc6 80.Bf5 Rc5 81.Ra4+ Kb5 82.Bd7+ Kb6 83.Kg4 Ra5 84.Rb4+ Kc5
85.Rb1 Kd6 86.Rd1+ Ke5 87.Bf5 Kf6 88.Rd8 Ke5 89.Kh5 Kf6 90.Rf8+ Ke5 91.Re8+ Kd4
92.Rd8+ Ke5 93.Rc8 Kd4 94.Rc6 Rc5 95.Ra6 Rb5 96.Kg6 g4 97.Ra4+ Kc3 98.Bxg4 Rb4
99.Ra3+ Kb2 100.Rf3 Rxe4 101.Kf5 Rb4 102.Rxf4 Rxf4+ 103.Kxf4  1/2-1/2